[Event "Moscow Aeroflot op-A"]
[Site "Moscow"]
[Date "2006.02.11"]
[Round "4"]
[White "Mamedyarov, Shakhriyar"]
[Black "Jobava, Baadur"]
[Result "1-0"]
[WhiteElo "2709"]
[BlackElo "2614"]
[Annotator "Mueller,Karsten"]
[PlyCount "137"]
[EventDate "2006.02.08"]
[EventType "swiss"]
[EventRounds "9"]
[EventCountry "RUS"]
[SourceTitle "CBM 112"]
[Source "ChessBase"]
[SourceDate "2006.06.07"]
[SourceVersion "1"]
[SourceVersionDate "2006.06.07"]
[SourceQuality "1"]

1. d4 Nf6 2. c4 e6 3. Nf3 b6 4. g3 Bb7 5. Bg2 Be7 6. Nc3 Ne4 7. Bd2 f5 8. d5
O-O 9. Qc2 Nxd2 10. Qxd2 Na6 11. O-O Nc5 12. Rfd1 Ne4 13. Qc2 Nxc3 14. Qxc3 Bf6
15. Qb3 Qe8 16. a4 exd5 17. cxd5 Qxe2 18. Rac1 Qxb2 19. Qxb2 Bxb2 20. Rxc7 Rab8
21. d6 Bc6 22. Ng5 Bxg2 23. Kxg2 Bf6 24. Nf3 Rfd8 25. Nd2 a6 26. Nb3 a5 27. Rd5
Kf7 28. Rxf5 Ke6 29. Rb5 Kxd6 30. Rc1 Ke7 31. Re1+ Kf7 32. Rb1 Bc3 33. Nc5 d6
34. Na6 Rbc8 35. Rxb6 Ke6 36. Rd1 Rc4 37. Rd3 Bd4 38. Nc7+ Kd7 39. Nd5 Rf8 40.
Rb2 Kc6 41. Ne7+ Kd7 42. Nd5 Rxa4 43. Nb6+ Bxb6 44. Rxb6 Rf6 45. Rd2 g6 46.
Rb7+ Kc6 47. Rxh7 Rb4 48. h4 Rb5 49. Ra2 d5 50. h5 gxh5 51. Rxh5 Kc5 52. g4 Kc4
53. g5 Rf5 54. Ra4+ Kb3 55. Rg4 d4 56. Rh3+ Kc4 57. g6 Rf8 58. Rh7 Rg8 59. Rf7
Rd5 60. g7 Rdd8 61. Kf1 a4 62. Ke2 a3 63. Rc7+ Kb3 $2 {Hier steht der König
sehr unglücklich, denn er gerät schnell in den Weg seines a-Bauern oder gar in
einen Mattangriff. Nach} (63... Kb4 {scheint sich Schwarz mit knapper Mühe und
Not behaupten zu können, z.B.} 64. Kd3 (64. Ra7 a2 65. Rxa2 Rd7 66. Kd3 Rgxg7
67. Rxg7 Rxg7 68. Kxd4 Rf7 69. Rb2+ Ka3 70. Rd2 Rf8 71. Ke5 Re8+ 72. Kf6 Rf8+
73. Ke7 Rf3 $11) 64... Ra8 65. Kxd4 Kb3 66. Rg3+ Kb2 67. f4 Ra4+ 68. Kd3 Rd8+
69. Ke3 a2 70. Rg2+ Kb3 71. Rc1 Rg8 72. Ra1 Ra7 73. Kf3 Ra5 74. Ke4 Ra7 75. f5
Rgxg7 76. Raxa2 Rge7+ 77. Kf4 Rxa2 78. Rxa2 Kxa2 79. f6 $11) 64. Kd3 $1 $18 Rb8
(64... a2 65. Rb7+ Ka3 66. Ra7+ Kb2 67. f4 a1=Q 68. Rg2+ $18) 65. f4 a2 (65...
Ra8 66. Rb7+ Ka4 67. f5 a2 68. Rg1 Ra6 69. Kxd4 Ka3 70. Ke5 $18) 66. Ra7 Rgc8 (
66... Rbe8 67. Rb7+ Ka3 68. Rg1 Re6 69. Kxd4 Rd8+ 70. Kc5 Rc8+ 71. Kd5 Ra6 72.
f5 $18) 67. Rg2 Rc3+ (67... Ra8 68. Rxa8 Rxa8 69. g8=Q+ Rxg8 70. Rxg8 a1=Q 71.
Rb8+ Ka2 72. Ra8+ Kb2 73. Rxa1 Kxa1 74. f5 $18) 68. Kxd4 Rc4+ (68... Rd8+ 69.
Ke4 Rc4+ 70. Kf5 Rc5+ 71. Kg6 Rd6+ 72. Kf7 Rf5+ 73. Ke7 $18) 69. Ke5 (69. Ke5
Re8+ (69... Rb5+ 70. Ke6 Rb6+ 71. Kd7 Rd4+ 72. Kc7 $18) 70. Kf5 Rc5+ 71. Kf6
Rc6+ 72. Kf7 $18) 1-0

[Event "EU-chT (Men) 15th"]
[Site "Gothenburg"]
[Date "2005.08.04"]
[Round "6.1"]
[White "Damljanovic, Branko"]
[Black "Rozentalis, Eduardas"]
[Result "1/2-1/2"]
[WhiteElo "2612"]
[BlackElo "2567"]
[Annotator "Mueller,Karsten"]
[PlyCount "118"]
[EventDate "2005.07.30"]
[EventType "team-swiss"]
[EventRounds "9"]
[EventCountry "SWE"]
[SourceTitle "CBM 109"]
[Source "ChessBase"]
[SourceDate "2005.11.14"]
[SourceVersion "1"]
[SourceVersionDate "2005.11.14"]
[SourceQuality "1"]
[WhiteTeam "Serbia & Montenegro"]
[BlackTeam "Lithuania"]
[WhiteTeamCountry "YUG"]
[BlackTeamCountry "LTU"]

1. Nf3 Nf6 2. c4 e6 3. g3 b6 4. Bg2 Bb7 5. O-O Be7 6. Nc3 O-O 7. Re1 d5 8. cxd5
exd5 9. d4 Nbd7 10. Bf4 Ne4 11. Nd2 Nxd2 12. Qxd2 Nf6 13. Rac1 Qd7 14. Bxc7
Qxc7 15. Nxd5 Qd6 16. Nxf6+ Bxf6 17. Bxb7 Rab8 18. Bf3 Qxd4 19. Qxd4 Bxd4 20.
Rc7 Bxb2 21. Rxa7 Rfd8 22. e3 Kf8 23. Rb1 Bf6 24. a4 Be7 25. Rb5 Rbc8 26. Bd5
Rd6 27. Rb7 Rc5 28. Rxc5 bxc5 29. Bc4 Rd1+ 30. Kg2 Rc1 31. Rb8+ Bd8 32. Rxd8+ (
32. Bxf7 $18) 32... Ke7 33. Rg8 $2 {Damljanovic underestimates the counterplay
which is there because of the passed black c-pawn. Now the game can hardly be
won. After the positional Damljanovic unterschätzt das durch den schwarzen
c-Freibauern entstehende Gegenspiel. Nun ist die Partie kaum noch zu gewinnen.
Nach dem positionellen} (33. Rd2 Rxc4 34. Ra2 $18 {White's extra pawn should
win the game sooner or later. sollte sich der weiße Mehrbauer hingegen früher
oder später durchsetzen.}) 33... Rxc4 34. Rxg7 Rxa4 35. Rxh7 c4 36. Rh4 Kd6 37.
Rf4 Kc5 38. Rxf7 (38. h4 Ra7 39. Kf1 (39. Kf3 Kb4 40. h5 Kb3 41. h6 c3 42. h7
Ra8 43. Rxf7 c2 44. Rb7+ Ka2 45. Rc7 Kb1 46. g4 Rh8 $11) 39... Kb4 40. h5 Kb3
41. h6 c3 42. h7 Ra8 43. Rxf7 c2 $11) 38... c3 39. Rc7+ Kb4 40. h4 Kb3 41. h5
c2 42. h6 Ra6 43. f4 Rxh6 44. e4 Rh7 45. Rc5 Rd7 46. e5 Rd3 47. e6 Re3 48. f5
Re5 (48... Rc3 49. Rxc3+ Kxc3 50. e7 c1=Q 51. e8=Q Qc2+ {[%cal Gc2g2,Gc2f5] is
also a draw, but more tiresome to play over the board. ist ebenfalls remis, in
der Praxis aber mühseliger.}) 49. Rxc2 (49. Rxe5 c1=Q 50. Kh3 (50. e7 $4 Qb2+
$19) 50... Qf1+ 51. Kg4 Qd3 $11) 49... Kxc2 50. g4 Kd3 51. Kf3 Kd4 52. Kf4 Re4+
53. Kg5 Kd5 54. Kf6 Rxg4 55. e7 Re4 56. Kf7 Kd6 $1 57. e8=Q Rxe8 58. Kxe8 Ke5
59. f6 Kxf6 1/2-1/2

[Event "Bundesliga 0405"]
[Site "Germany"]
[Date "2004.11.28"]
[Round "4.4"]
[White "Chuchelov, Vladimir"]
[Black "Werle, Jan"]
[Result "1-0"]
[WhiteElo "2571"]
[BlackElo "2457"]
[Annotator "Mueller,Karsten"]
[PlyCount "129"]
[EventDate "2004.11.12"]
[EventType "team-tourn"]
[EventRounds "15"]
[EventCountry "GER"]
[SourceTitle "CBM 105"]
[Source "ChessBase"]
[SourceDate "2005.04.11"]
[SourceVersion "1"]
[SourceVersionDate "2005.04.11"]
[SourceQuality "1"]
[WhiteTeam "Katernberg"]
[BlackTeam "Solingen"]
[WhiteTeamCountry "GER"]
[BlackTeamCountry "GER"]

1. Nf3 Nf6 2. c4 b6 3. g3 Bb7 4. Bg2 e6 5. O-O Be7 6. Nc3 O-O 7. Re1 d5 8. cxd5
exd5 9. d4 Na6 10. Bf4 c5 11. dxc5 Nxc5 12. Rc1 Nce4 13. Be5 Bc5 14. Bd4 Qe7
15. e3 Rfd8 16. a3 Qe8 17. b4 Bf8 18. Qd3 Rac8 19. Rc2 Qd7 20. Rec1 h6 21. Qf1
Qe8 22. Bh3 Rc4 23. Qe1 Bd6 24. Nh4 Be5 25. Nxe4 Nxe4 26. Nf3 Bxd4 27. Nxd4 Qe5
28. Bf1 Rxc2 29. Rxc2 Rc8 30. Qc1 Rxc2 31. Qxc2 g6 32. Qa4 Qf6 33. f3 Ng5 34.
Bg2 Qe7 35. Kf2 a6 36. Qc2 Kg7 37. Qc3 Kh7 38. h4 Ne6 39. Nxe6 fxe6 40. Qe5 Bc6
41. Bh3 Bd7 42. Qc7 b5 43. f4 Kg7 44. Qe5+ Kf7 45. Qh8 h5 46. Bf1 Qf6 47. Qxf6+
Kxf6 {Leichter weißer Gewinn wegen der vielen festgelegten Schwächen im
schwarzen Lager:} 48. Bd3 Be8 49. e4 Ke7 (49... dxe4 50. Bxe4 e5 51. Ke3 Ke6
52. Bb7 Kf5 53. Bc8+ Kf6 54. Bxa6 Bc6 55. fxe5+ Kxe5 56. Bc8 Be8 57. Bb7 Kf5
58. Bf3 Ke5 59. Be4 Bf7 60. Bc6 Bc4 61. Be8 $18) (49... d4 50. e5+ Ke7 51. Be4
{[%cal Gf2e2,Ge2d3,Gd3d4]} Kd7 52. Ke2 Kc7 53. Kd3 Kb6 54. Kxd4 Bf7 55. Ke3 Kc7
56. Kf3 Be8 57. g4 Bf7 58. gxh5 gxh5 59. f5 $18 {[%cal Gf3f4,Gf4g5]}) 50. Ke3
Kd6 51. Kd4 Bf7 52. Bb1 Be8 53. Bc2 $22 Bf7 54. a4 bxa4 (54... Be8 55. axb5
axb5 56. exd5 exd5 57. Bd3 Kc6 58. Ke5 Bf7 59. Kf6 Be8 60. Ke7 $18) 55. Bxa4
Ke7 56. exd5 exd5 57. Bc2 Kd6 58. Bd3 Be8 59. Bxa6 Bd7 60. Bd3 Be8 61. Bc2 Bf7
62. Ba4 Be6 63. Be8 Bf5 64. Bf7 Be4 65. b5 1-0

[Event "Prague m1"]
[Site "Prague"]
[Date "2006.08.11"]
[Round "3"]
[White "Navara, David"]
[Black "Gelfand, Boris"]
[Result "1/2-1/2"]
[WhiteElo "2719"]
[BlackElo "2729"]
[Annotator "Postny,E"]
[PlyCount "207"]
[EventDate "2006.07.29"]
[EventType "match"]
[EventRounds "4"]
[EventCountry "CZE"]
[SourceTitle "CBM 114"]
[Source "ChessBase"]
[SourceDate "2006.10.02"]
[SourceVersion "1"]
[SourceVersionDate "2006.10.02"]
[SourceQuality "1"]

1. d4 Nf6 2. c4 e6 3. Nf3 b6 4. g3 Bb7 5. Bg2 Be7 6. O-O O-O 7. d5 $5 {This
gambit was highly topical in the 80's, but nowadays is well forgotten. White
sacrifices a pawn with hope to achieve a long-term initiative.} ({The main
line goes with} 7. Nc3 Ne4 {where black usually equalizes quite easily. The
percentage of draws is extremely high in this line.}) 7... exd5 8. Nh4 c6 9.
cxd5 Nxd5 ({Worse is:} 9... cxd5 $6 10. Nc3 Na6 11. Nf5 Nc7 12. Bf4 Bc5 13. Rc1
Bc6 14. Na4 g6 15. Nxc5 bxc5 16. Bxc7 Qxc7 17. Ne7+ Kg7 18. Nxd5 $14 {0-1
Beliavsky,A (2590)-Spassky,B (2615)/Vienna 1980/MCL (60)}) 10. Nf5 Nc7 $1 {
Black is preparing to move forward his central pawns.} 11. e4 d5 12. Nc3 (12.
Qg4 Bf6 13. Bh6 Bc8 {parrying all threats.}) 12... Bf6 13. Bf4 Bc8 $1 {Eyeing
the outposted knight.} ({Extremely dangerous for Black is:} 13... d4 $2 14. e5
$1 dxc3 15. Qg4 cxb2 16. Rad1 Nd5 17. exf6 Qxf6 18. Bxd5 cxd5 19. Bg5 h5 20.
Qf4 Qc3 21. Bh6 $3 $40) 14. g4 $6 {This ambitious move appeared for the first
time in a Wch KK match in 1984. White supports his knight to be able to play
either exd5 or e4-e5. Current game will probably force White players to look
for alternatives...} (14. Rc1 Bxf5 15. Bxc7 Qxc7 16. Nxd5 Qd8 17. Nxf6+ Qxf6
18. exf5 $11) 14... Nba6 15. e5 (15. Rc1 Bd7 16. Qd2 Nc5 17. e5 Be7 18. Nxe7+
Qxe7 19. Bg5 Qe6 20. h3 Qg6 21. f4 f6 22. exf6 gxf6 23. Bh4 f5 24. b4 fxg4 25.
hxg4 Nd3 $17 {1/2-1/2 Kasparov,G (2715)-Karpov,A (2705)/Moscow 1984/MainBase 
(47)}) 15... Be7 16. Bg3 $146 (16. Re1 Nc5 17. Bg3 Ba6 18. f4 Nd3 19. Re2 Bb4
$17 {1-0 Selin,O (2440)-Okrugin,S (2373)/Tula 2002/CBM 087 ext (60)}) 16... f6
$1 {Undermining white's central outposts. Black clearly won the opening battle.
} 17. Nd4 (17. Nxd5 cxd5 18. Bxd5+ Be6 (18... Nxd5 $2 19. Qxd5+ Qxd5 20. Nxe7+
Kh8 21. Nxd5 Bxg4 $11) 19. Bxa8 Nxa8 20. Qxd8 Bxd8 $17) 17... Bd7 18. Rc1 (18.
e6 Nxe6 19. Nxd5 Bc5 20. Nxe6 Bxe6 21. Nf4 Qxd1 22. Raxd1 Bxg4 23. Bxc6 Rad8 {
and Black is simply a pawn up without any compensation.}) 18... fxe5 19. Bxe5
Bf6 20. Bg3 Rc8 $19 {White didn't get sufficient compensation for the pawn
sacrifice. Black's forces are fully mobilised as well, and preparing the
advance of his central pawns.} 21. h3 c5 22. Nde2 d4 $6 (22... Bc6 {followed
by 23...Qd7 and 24...d4 would have been more convincing.}) 23. Ne4 Be7 24. Nf4
Bg5 $6 {Trying to eliminate white's active knights, but it's not really
necessary.} ({Again} 24... Bc6 {followed by 25...Qd7 should have been
preferred.}) 25. Nxg5 Qxg5 26. Nd3 Be6 27. Bb7 Rcd8 28. Qa4 c4 $2 {A typical
human mistake. The move in the text allows White to get into the game.} (28...
Qh6 $3 {A typical computer solution.} 29. Rfe1 (29. Bxa6 Nxa6 30. Qxa6 Qxh3 {
[%csl Rg1][%cal Ge6d5]} 31. Nf4 Rxf4 32. Bxf4 Qxg4+ 33. Bg3 Bd5 34. Qd3 Qh3 35.
f3 Qxg3+ 36. Kh1 Rd6 {mating.}) 29... Bd5 30. Bxd5+ Rxd5 {keeping a winning
position.}) 29. Bxa6 Nxa6 30. Qxa6 cxd3 31. Qxd3 {Now, the battle is not that
one sided, since Black has no more his proud central pawns.} Bxa2 32. Rc7 (32.
b3 $2 Qd5 $19 {[%csl Rb3]}) 32... Rf7 33. Re1 Qg6 ({The centralization of the
queen} 33... Qd5 $17 {was called for.}) 34. Qa3 Bd5 35. Qxa7 d3 36. Rxf7 {
I guess that at this point both players were in time-scramble, otherwise, it's
very difficult to explain the following several moves...} d2 $4 (36... Bxf7 $17
) 37. Rd1 $4 (37. Rfe7 dxe1=Q+ 38. Rxe1 {White is just a pawn up, while
black's counterplay on the light squares might be sufficient only for a draw.})
37... Bxf7 38. Qc7 Qd3 39. Bf4 (39. Qxb6 $2 Re8 $19 {[%cal Re8e1]}) 39... Re8
40. Kh2 $4 {Instead of capturing the dangerous passed pawn, Navara is
protecting his own. The move in the text loses by force.} (40. Rxd2 Qxh3 41.
Rd8 Qxg4+ 42. Bg3 $15) 40... Qf3 41. Rxd2 Re1 $4 {[%mdl 8192] Missing forced
mate.} (41... Bd5 $1 42. Rxd5 Qxf2+ 43. Kh1 Re1#) 42. Qd8+ Re8 ({Probably
Gelfand overlooked that after} 42... Be8 {White can exchange queens} 43. Qd5+
Qxd5 44. Rxd5 $14) 43. Qd4 Re1 44. Qd8+ Re8 45. Be3 $1 {Navara correctly
realized that he can play for a win!} h6 (45... Rxd8 46. Rxd8+ Be8 47. Rxe8+
Kf7 48. Rb8 {White will capture the Pb6 and will get good winning prospects
thanks to passed "b" pawn.}) 46. Qd6 b5 47. Qf4 Qxf4+ 48. Bxf4 {Black's
defensive task in this endgame is not easy at all.} b4 $1 {It is important for
Black to put this pawn on a protected square.} 49. Be3 b3 50. Kg3 Re7 51. Rd8+
Kh7 52. Bd4 Be6 53. Rd6 Kg8 (53... Rd7 $2 54. Rxe6 Rxd4 55. Re3 Rb4 56. Kf3 $18
{This endgame is lost, because black's rook is passive.}) 54. f4 g6 55. Rd8+
Kf7 56. Rh8 Rd7 57. Be5 h5 58. Rh7+ (58. gxh5 Rd3+ 59. Kf2 gxh5 $11) 58... Ke8
59. Rh6 hxg4 {Every pawn exchange makes black's defensive task easier.} 60.
hxg4 Kf7 61. Kh4 Bd5 62. Kg5 Be4 63. f5 gxf5 64. gxf5 Rd2 65. Rh7+ Ke8 {
Running away from the danger zone.} 66. Rh8+ Kf7 67. Rh7+ Ke8 68. Kf6 Rf2 69.
Rh5 Kd7 70. Bd4 Rf1 71. Ke5 Bc2 72. f6 $6 (72. Rg5 $1 {could still force
Gelfand to work very hard for a draw.}) 72... Re1+ 73. Kd5 Bg6 {Now it's clear
why 72.Rg5 was important.} 74. Rh8 Re8 75. Rh4 Bf7+ 76. Kc5 Rc8+ 77. Kb5 Rb8+
78. Kc5 Rc8+ 79. Kb4 Kd6 80. Rh7 Rb8+ 81. Kc3 Rc8+ 82. Kd2 Ke6 {Gelfand
managed to safely blockade the passed pawn.} 83. Bc3 Rg8 84. Rh1 Rg3 $11 {
Now white's king won't be able to pass the 3rd rank.} 85. Ra1 Kf5 86. Rf1+ Kg6
87. Be5 Rh3 88. Bd4 Rg3 89. Bc3 Rh3 90. Be5 Kg5 91. Rg1+ Kf5 92. Rg7 Kxe5 {
Simplifying to a drawish rooks endgame.} (92... Ke6 {was possible as well.})
93. Rxf7 Ke6 94. Rf8 Rg3 95. Rd8 Kxf6 96. Rd3 Rg8 ({Of course, not} 96... Rxd3+
$4 97. Kxd3 Ke5 98. Kc4 Kd6 99. Kxb3 Kc5 100. Ka4 $18) 97. Kc3 (97. Rxb3 Ke5
98. Rd3 Rb8 {is a theoretical draw.}) 97... Rb8 98. Re3 Kf7 99. Kc4 Kf6 100.
Rxb3 Rc8+ 101. Kd5 Ke7 102. Rb6 Rc2 103. b4 Kd7 104. Rb7+ {[%mdl 256]} 1/2-1/2

[Event "URS-chT Cup 11th"]
[Site "Rostov on Don"]
[Date "1980.05.??"]
[Round "1"]
[White "Bronstein, David Ionovich"]
[Black "Balashov, Yuri S"]
[Result "1/2-1/2"]
[WhiteElo "2550"]
[BlackElo "2590"]
[Annotator "Primel,D"]
[PlyCount "76"]
[EventDate "1980.05.23"]
[EventType "team-tourn"]
[EventRounds "7"]
[EventCountry "URS"]
[SourceTitle "EXT 2020"]
[Source "ChessBase"]
[SourceDate "2019.10.17"]
[SourceVersion "1"]
[SourceVersionDate "2019.10.17"]
[SourceQuality "1"]
[WhiteTeam "Dinamo"]
[BlackTeam "Burevestnik"]
[WhiteTeamCountry "URS"]
[BlackTeamCountry "URS"]

1. d4 Nf6 2. c4 e6 3. Nf3 b6 4. g3 Bb7 5. Bg2 Be7 6. O-O O-O 7. d5 $1 exd5 8.
Nd4 {L'ancienne variante mais Nh4 est devenu ensuite la ligne principale} (8.
Nh4 $142 {[%cal Gh4f5,Gg2b7] La variante qui est devenue а la mode en cette
même année 1980, elle reprend l'idée du GMI GUIMARD qui avait été oubliée
pendant une trentaine d'année} c6 $1 9. cxd5 Nxd5 {[%cal Ge7h4]} 10. Nf5 Nc7 $1
11. Nc3 d5 12. e4 Bf6 13. exd5 (13. Bf4) 13... cxd5 14. Bf4 $44 {Kasparov,G 
(2595)-Marjanovic,S (2490) Malta ol (Men) 1980 (4) 1-0}) 8... c6 (8... Bc6 $1 {
La ligne critique pour la variante Nd4 car les blancs ont des difficultés а
garder l'initiative} 9. cxd5 (9. Nxc6 dxc6 10. Nc3 $11 {O'Kelly de Galway,
A-Euwe,M Hoogovens Beverwijk 1958 (8) 1-0}) 9... Bxd5 10. Bxd5 Nxd5 11. e4 Nb4
12. Nf5 $11 {Razuvaev,Y (2470)-Spassov,L (2470) Rubinstein Memorial 17th 1979 
(3) 1/2} (12. Nc3 N8c6)) (8... Na6 $143 {[%cal Ga6c7,Gc7c6]} 9. Nc3 c6 10. cxd5
cxd5 11. Nf5 {[%cal Gg2b7]} Nc7 {[%cal Gc7d5]} 12. Bf4 $44) (8... Nc6 {
Sveshnikov,E (2520)-Sturua,Z (2420) Cup URS (Team-II Group) 1980 1/2}) 9. cxd5
Nxd5 10. e4 Nc7 11. Nc3 (11. Nf5 $142 {[%cal Gf5g7] Retombe sur les grandes
lignes} d5) 11... d6 $5 {Une idée utilisée contre TAL} (11... d5 12. exd5 cxd5
13. Re1 {Douven,R-Smith,J EU-ch U20 Groningen 1980 (13) 1-0}) 12. Nf5 $1 $146 {
[%csl Gf5][%cal Gf5d6,Gf5g7,Gc1f4] Retombe par interversion de coups dans des
positions proches de celles issues de la variante Nh4 а la différence prés que
les noirs ont joué d6 au lieu de d5 qui est plus actif.} (12. Re1 $143 {
Tal,M-Kholmov,R Riga m 1968 (2) 1/2}) 12... Nd7 $1 13. Re1 (13. Nxd6 $143 Ba6
14. Re1 Ne5 15. Nf5 g6 16. Nxe7+ Qxe7 17. Be3 (17. Qa4 b5) 17... Nd3 $36 (17...
Rfd8)) (13. Qg4 $5 {[%csl Rg7]} Ne6 $1 (13... g6 $143 14. Bf4 {[%cal Gf5d6,
Gf4d6]}) 14. Bf4 (14. Nh6+ Kh8 15. Nxf7+ $5 {Joli mais les blancs ne font que
récupérer le P sacrifié et la Q blanche va perdre du temps pour trouver une
bonne case de développement.} Rxf7 16. Qxe6 Rf8 17. Bf4 Nc5 18. Qg4 Nd3 $1 $36
{[%cal Gd3f4,Gd3b2]}) 14... Ne5) 13... Ne8 {[%cal Ge8g7]} (13... Ne6 $143 {
[%cal Ge6g7]} 14. Nd5 $1 $36) 14. b3 {[%cal Gc1b2,Gb2g7] Semble un peu lent
mais le Be7 est aussi dévié de la défense du P"d6"} (14. Bf4 {[%cal Gf5d6,
Gf4d6]} Ne5 15. Qb3 {[%cal Ga1d1]} Bf6 16. Rad1 $44 {[%csl Rd6] Les blancs ont
des bonnes compensations pour le P avec l'avantage d'espace et des pièces
actives. En outre, "d6" est assez faible.}) 14... Bf6 15. Bb2 {[%cal Gb2g7]} g6
16. Ne3 (16. Nxd6 $6 Nxd6 17. Qxd6 Nc5 $1 {[%cal Gc5d3,Gd3b2]}) (16. Nh6+ $5
Kh8 17. Ng4 Bg7 18. Ne3 {[%csl Gd5,Rd6][%cal Gc3d5,Ge3d5,Gd1d2,Ga1d1] Les
noirs vont avoir du mal а pousser "d5" et les blancs ont quelques
compensations avec l'activité des pièces centralisées} Nc5 19. Qd2 Qc7 20. b4
$1 (20. Rad1 Rd8 21. b4 Ne6) 20... Ne6 (20... Nd7 21. b5 $1) 21. Rac1 {[%cal
Gc1c7,Gb4b5,Gc3d5]} Rd8 22. Ncd5 $1 (22. Nf5 $1) 22... Qb8 23. Bxg7+ N6xg7 24.
Ne7 {[%cal Ge7c6]} c5 25. N3d5 $36) 16... b5 17. b4 (17. Qc2 {[%cal Ga1d1]} b4
18. Na4) 17... a5 18. a3 Bg7 19. Qd2 axb4 20. axb4 Rxa1 21. Rxa1 Qb6 22. Rd1
Ne5 23. Ne2 Bc8 24. Bd4 Qc7 25. Rc1 Be6 26. Nd5 $1 Qd7 27. Bxe5 dxe5 28. Rxc6
$1 Kh8 29. Qc1 (29. Rc5 $14 {[%cal Gc5b5,Gc5d5] Semble plus simple}) 29... Nf6
30. Rc7 Rc8 $1 31. Rxc8+ Qxc8 32. Qxc8+ (32. Nec3 {[%csl Rb5]}) 32... Bxc8 33.
Nxf6 Bxf6 34. Nc3 Be7 35. Nd5 Bd6 36. Bf1 Be6 37. Bxb5 Bxd5 38. exd5 Bxb4
1/2-1/2

[Event "EU-Cup 02nd round of 16"]
[Site "Budapest"]
[Date "1978.??.??"]
[Round "2.1"]
[White "Alburt, Lev O"]
[Black "Lengyel, Levente"]
[Result "1-0"]
[WhiteElo "2515"]
[BlackElo "2430"]
[Annotator "Primel,D"]
[PlyCount "59"]
[EventDate "1978.10.??"]
[EventType "team-match"]
[EventRounds "2"]
[EventCountry "HUN"]
[SourceTitle "EXT 2021"]
[Source "ChessBase"]
[SourceDate "2020.10.23"]
[SourceVersion "1"]
[SourceVersionDate "2020.10.23"]
[SourceQuality "1"]
[WhiteTeam "Burevestnik"]
[BlackTeam "Budapest MTK"]
[WhiteTeamCountry "URS"]
[BlackTeamCountry "HUN"]

1. d4 Nf6 2. c4 e6 3. Nf3 b6 4. g3 Bb7 5. Bg2 Be7 6. Nc3 d5 $6 {Une variante
trés douteuse} (6... O-O $142 7. O-O Ne4) 7. cxd5 $1 {[%csl Rc6]} exd5 8. Qa4+
c6 9. O-O O-O 10. Ne5 {[%csl Rc6]} (10. Bf4) 10... Nfd7 (10... b5 11. Qc2 Nbd7
12. Nd3 Re8 13. Bg5 a5 14. b3 h6 15. Bxf6 Nxf6 16. Rac1 Ba3 17. Rcd1 Bd6 18.
Rfe1 Qb6 19. e4 dxe4 20. Nxe4 Nxe4 21. Bxe4 Rad8 22. Nc5 Bc8 {1/2-1/2 (22)
Baumbach,F (2390)-Zheliandinov,V (2410) Pecs 1976}) 11. Nd3 $14 {[%csl Gc5]}
Nf6 $146 (11... a5 12. Bf4 Na6 13. Rac1 Re8 14. a3 Bf6 15. e3 g5 16. Be5 Nxe5
17. Nxe5 Bxe5 18. dxe5 Nc5 19. Qd1 Ba6 20. b4 Bxf1 21. Kxf1 Ne4 22. Nxe4 dxe4
23. Qxd8 Raxd8 24. Rxc6 Rxe5 25. Rxb6 Rd2 26. g4 Rb2 27. Kg1 Kg7 28. Bf1 Rd5
29. Rb5 Rxb5 30. Bxb5 axb4 31. axb4 Rxb4 32. Bd7 Kf6 33. Kg2 Ke5 34. Kg3 Kd5
35. h4 h6 36. hxg5 hxg5 37. Kg2 Kc5 38. Kf1 Rc4 39. Bf5 Kb4 40. Bh7 Kc3 41. Ke2
{Fischer,J-Kertesz,A Satu Mare 1976 1-0}) 12. Rd1 Bd6 13. Bg5 (13. Bf4 {
[%csl Rb7]}) 13... Nbd7 14. e4 $1 {Pour profiter de l'avance de développement,
il faut ouvrir le centre} dxe4 15. Nxe4 Be7 16. Nxf6+ Bxf6 17. Bxf6 Qxf6 18.
Rac1 $32 Nb8 $6 19. Ne5 $36 Rc8 20. Rc3 $1 $40 {[%csl Rf7][%cal Gd1c1,Gc3f3]}
Qd6 21. Nxf7 $1 Kxf7 22. Qc4+ Ke7 23. Re3+ Kd8 24. Re6 Qf8 25. d5 cxd5 26. Qh4+
Kc7 27. Re7+ Nd7 28. Bxd5 Rd8 29. Bxb7 Kxb7 30. Qe4+ 1-0